MDQL
is popping MORE tags! Check the
thread
!
Quizzes
Events
Quiz Creation
Community
Videos
Private Events
Remove Ads
Sign In
Join for FREE
Feedback
Dark Mode
Quiz Categories
Sports
Geography
Music
Movies
Television
Just For Fun
Miscellaneous
History
Literature
Language
Science
Gaming
Entertainment
Religion
Holiday
For Kids
Quiz Lab
Recent
Popular Today
Quiz Kudos Today
Editor Picks
Curator Picks
Quizzes by...
Day
Popularity
Type
Ratings
Length
Year
Community
Subscriptions
Recent Discussions
Orange Saloon
Badges
Playlists
Quests
Create
Leaderboards
Showdown
Live 5
Trivia Bingo
Activity
Puzzle Library
Sporcle Events
Private Events
Virtual Trivia
Globe League
Become a Host
Pub Owners
SporcleCon
Opinionation
Our Games
Videos
Blog
Mobile Apps
Partnerships
Remove Ads and Go Orange
Feedback
Language
Vocabulary
Begins and Ends
Definition
Spanish
French
German
Italian
Chinese
Latin
Translation
Japanese
Language
Vocabulary
Begins and Ends
Definition
Spanish
French
German
Italian
Chinese
Latin
Translation
Japanese
Random Quiz
Search Sporcle
×
Quiz Lab
Quiz Lab
Language
Letter
Type in answers that appear in a list
Type in answers that appear in a list
Classic
Best Score? Go Orange.
Consecutive Letter Abbreviation Stats
Can you name the Consecutive Letter Abbreviations?
By
Rom
5m
25 Questions
216 Plays
216 Plays
216 Plays
Comments
Comments
Give Quiz Kudos
Give Quiz Kudos
-
- Ratings
hide this ad
More Info
Replay
Link that replays current quiz
Next Quiz
Link to next quiz in quiz playlist
You Got
0%
They Got
Avg Score
33%
Avg Friend Score
Upgrade to see
Score Distribution
Jump to the score distribution portion of the page
Score
0/25
Timer
05:00
0
Plays Today
Abbr.
Word
% Correct
BC
Before Christ
88.9%
MN
Minnesota
65.7%
CD
Compact Disc
65.3%
NO
Norway
62.5%
HI
Hawaii
61.6%
JK
Just Kidding
57.9%
DE
Delaware
53.7%
UV
Ultraviolet
52.3%
VW
Volkswagen
42.1%
ST
Saint
38.4%
AB
Abdomen
34.7%
GH
Ghana
28.7%
FG
Field Goal
23.1%
Abbr.
Word
% Correct
QR
Qatar Airways
20.8%
KL
Kuala Lumpur
19.9%
PQ
Page Quality
17.6%
TU
Universal Time
14.4%
OP
Operator
13.4%
RS
RuneScape
12.5%
IJ
Immigration Judge
11.6%
WX
Weather (Morse Code)
10.2%
XY
XY Coordinates
10.2%
EF
Electric Field
9.3%
YZ
Hard Seat
9.3%
LM
Lumen
7.9%
Quiz Playlist
Details
Report
Send in Message
Add To Playlist
More Info:
From wikipedia
Classic:
Type in answers that appear in a list
Last Updated: Feb 16, 2017
Quiz Scoreboard
CHALLENGE
Sign Up to Join the Scoreboard
Show All
Scores
Hide
Comments
May contain spoilers
Recently Published
Holiday 10x10 Sorting Gallery
by lukepisani3
Holiday
15m
Two Season TV Shows II
by 123Four
Television
10m
Image Sorting: Flags VI
by Barbecue
Geography
2m
More to Explore
Quiz From the Vault
Featured Blog Post
14 Easter Pick-up Lines to Find Eggs With
hide this ad
You Might Also Like...
Tags
Letter Quiz
Abbreviation
Consecutive
Consecutive Letter
Today's Top Quizzes in Language
Browse Language
hide this ad
Today's Top Quizzes in Letter
Browse Letter
Top Contributed Quizzes in Language
1
What Word Starts All?
2
1-10 Letter F Words III
3
Weisst du, aus welchen Sprachen diese Wörter stammen?
4
1-10 Letter G Words III
5
1-10 Letter H Words III
6
Harry Potter book 6 chapters: English & Greek
7
Arabic Numerals
8
1-10 Letter I Words III
9
One Thing in Common: Italy
10
Celtic Nations in their Language
Explore More
Trending Topics
Harry Potter
Kpop
Crossword
Anime
Marvel
Disney
NBA
Pokémon
Song
NFL
Puzzle
The Office
Soccer
WWE
Country
hide this ad
More By:
Rom
Quiz
Plays
Rating
Category
Featured
Created
Countries with Most French Speakers
101,988
4.11
Geography
Aug 22, 2014
States in Sentences
40,285
4.41
Just For Fun
Sep 10, 2011
Asian Countries by Second Largest City
38,508
4.62
Geography
Mar 15, 2015
Who's Taller? (NBA-Style)
28,502
2.11
Sports
Apr 22, 2010
Car Crash Celebrities
20,979
3.65
Miscellaneous
Sep 25, 2011
Go to Creator's Profile
Score Distribution
Quiz Creator Spotlight
Rom
Follow
Send a Message
Quizzes Created
-
Created Quiz Play Count
-
More By This Creator
Popular Quizzes Today
1
Find the US States - No Outlines Minefield
2
Colored Red Africa Blitz
3
Find the 'City' Movie
4
The Countries of the World
5
Find the US States
6
5x2 Blitz: Bands
7
Find the Countries of Europe - No Outlines Minefield
8
US States
More Language Quizzes
James Bond Films in Latin
Published
Trending Quizzes
Colored Red Europe Blitz I
Colored Red Europe Blitz II
Colored Red Africa Blitz II
Colored Red Europe Blitz III
Colored Red Africa Blitz III
Recently Updated
Odd Team Out - Big 4 Players
pecheneg
Quick Pick: 20 Twenties
pecheneg
March Madness Men's Triple Doubles
pecheneg
How Do You Spell That?
pecheneg
Godzilla Movies
pecheneg
Grab Bag: 4-10 Letters
pecheneg
2024 March Madness Bracket
pecheneg
Famous TV Couples
Peacemaker
Champions League XIs: Real Madrid
pecheneg
Largest US Cities 1790-2010
pecheneg
Trending Topics
Disney
Anime
NBA
Marvel
Kpop
Crossword
Harry Potter
WWE
Puzzle
Song
The Office
Soccer
Pokémon
Country
NFL
Your Account Isn't Verified!
In order to create a playlist on Sporcle, you need to verify the email address you used during registration. Go to your
Sporcle Settings
to finish the process.
Report this User
Report this user for behavior that violates our
Community Guidelines
.
Details:
Send Report
Go to the Sporcle.com Mobile Site →
Comments